| 000 | 00559cam a2200193 4500 | ||
|---|---|---|---|
| 001 | WB3532-06 | ||
| 008 | 000000n1999 000 0 eng u | ||
| 035 | _a(Sirsi) u102540 | ||
| 245 | _aMOD favours prime contracting. | ||
| 260 | _c1999 | ||
| 490 |
_aContract Journal _v400(6239) 18 August 1999, 4(1) |
||
| 520 | _aDiscusses the popularity of prime contracting contracts with the MoD. | ||
| 650 | _aPRIME CONTRACTING | ||
| 650 | _aMINISTRY OF DEFENCE | ||
| 650 | _aProcurement-old | ||
| 650 | _aTENDERS | ||
| 690 | _aBUILT ENVIRONMENT | ||
| 942 | _n0 | ||
| 999 |
_c61546 _d61546 |
||